Irregular Demonyms - Statistics

General Stats
  • This quiz has been taken 38 times
  • The average score is 7 of 13
Answer Stats
Hint Answer % Correct
Netherlands Dutch
100%
United Kingdom British
94%
Myanmar Burmese
89%
Iran Persian
89%
New Zealand Kiwi
81%
Madagascar Malagasy
72%
Monaco Monégasque
50%
Kiribati Gilbertese
47%
Lesotho Basotho
31%
Barbados Bajan
28%
Botswana MoTswana
28%
Lesotho Mosotho
22%
Eswatini Liswati
17%
No matching quizzes found
Score Distribution
Percent of People with Each Score
Percentile by Number Answered
Your Score History
You have not taken this quiz